Basic Structural Analysis. (Record no. 586348)
[ view plain ]
| 000 -LEADER | |
|---|---|
| fixed length control field | 00260nam a22001097a 4500 |
| 082 ## - DEWEY DECIMAL CLASSIFICATION NUMBER | |
| Classification number | 624.171 |
| Author Mark | RED |
| 100 ## - MAIN ENTRY--PERSONAL NAME | |
| Personal name | C.S.Reddy |
| 245 ## - TITLE STATEMENT | |
| Title | Basic Structural Analysis. |
| 300 ## - PHYSICAL DESCRIPTION | |
| Extent | 778 |
| 942 ## - ADDED ENTRY ELEMENTS (KOHA) | |
| Source of classification or shelving scheme | |
| Koha item type | Book |
| Withdrawn status | Lost status | Source of classification or shelving scheme | Damaged status | Not for loan | Permanent Location | Current Location | Date acquired | Total Checkouts | Full call number | Barcode | Date last seen | Date last checked out | Price effective from | Koha item type |
|---|---|---|---|---|---|---|---|---|---|---|---|---|---|---|
| School of Civil and Environmental Engineering (SCEE) | School of Civil and Environmental Engineering (SCEE) | 09/01/2021 | 1 | 624.171 RED | NIT-5787 | 10/25/2021 | 09/01/2021 | 09/01/2021 | Book |
